000 00350 a2200157 4500
001 72188
020 _a8508048564
040 _cAnchieta - Colégio São Paulo
100 _aSchubert, Ingrid
240 1 0 _aPezinho-Espalhado
_lpor
245 1 0 _aPezinho-Espalhado
300 _a[32]
362 0 _a1997
650 4 _aLiteratura infantil
942 _cBK
999 _c72188
_d72188